000 00391nam a2200181Ia 4500
005 20240823040232.0
008 240823s9999||||xx |||||||||||||| ||und||
041 _aTAMIL
082 _A894.8113 Q0
100 _a"Devan,"
245 0 _aManitha Subavam
250 _a6th
260 _c2010
_bAllians Co
500 _aYES
650 _aGeneral
_bGeneral
942 _cBK
999 _c202607
_d202607